[Event "Amantea op-B 9th"]
[Site "Amantea"]
[Date "2011.09.09"]
[Round "6"]
[White "Luongo, Antonio"]
[Black "Coico, Pompeo"]
[Result "1/2-1/2"]
[WhiteElo "1776"]
[BlackElo "1698"]
[PlyCount "50"]
[EventDate "2011.09.04"]
[EventType "swiss"]
[EventRounds "8"]
[EventCountry "ITA"]
[SourceTitle "EXT 2014"]
[Source "ChessBase"]
[SourceDate "2013.11.20"]
[SourceVersion "1"]
[SourceVersionDate "2013.11.20"]
[SourceQuality "1"]

1. d4 d5 2. Nf3 Nf6 3. c4 c6 4. Nc3 e6 5. Bg5 Be7 6. e3 Nbd7 7. cxd5 exd5 8. Be2 0-0 9. 0-0 Re8 10. Re1 Nf8 11. Bxf6 Bxf6 12. Qc2 Qb6 13. Na4 Qc7 14. Rac1 g6 15. Nc5 Ne6 16. Nxe6 Bxe6 17. Nd2 Rac8 18. Nb3 b6 19. Qd1 Qb7 20. Bg4 Bxg4 21. Qxg4 a6 22. a4 Re4 23. Qe2 Rce8 24. Rc2 Bxd4 25. Nxd4 Rxd4 1/2-1/2

[Event "Bisaccia op 3rd"]
[Site "Bisaccia"]
[Date "2011.06.03"]
[Round "2"]
[White "Coico, Pompeo"]
[Black "Cipollaro, Giovanni"]
[Result "0-1"]
[WhiteElo "1608"]
[BlackElo "1840"]
[PlyCount "76"]
[EventDate "2011.06.08"]
[EventType "swiss"]
[EventRounds "7"]
[EventCountry "ITA"]
[SourceTitle "EXT 2014"]
[Source "ChessBase"]
[SourceDate "2013.11.20"]
[SourceVersion "1"]
[SourceVersionDate "2013.11.20"]
[SourceQuality "1"]

1. d4 d6 2. c4 e5 3. dxe5 dxe5 4. Qxd8+ Kxd8 5. Nc3 Be6 6. e4 Nd7 7. a3 a5 8. Nf3 f6 9. Be2 c6 10. 0-0 Kc7 11. Be3 Bc5 12. Bd2 Nb6 13. Rfd1 Bxc4 14. Rab1 Bxe2 15. Nxe2 Nc4 16. Bc3 Nh6 17. Nd2 Nxd2 18. Rxd2 Nf7 19. Rbd1 Rhd8 20. Kf1 Rxd2 21. Rxd2 Nd6 22. f3 Nb5 23. Rc2 Nxc3 24. Nxc3 Rd8 25. Nb5+ Kb6 26. Nc3 Bd4 27. Ke2 Bxc3 28. Rxc3 a4 29. Rc4 Ka5 30. Rc5+ Kb6 31. Rc4 Ra8 32. Kd2 Kc7 33. Rc2 Rd8+ 34. Kc3 b5 35. Kb4 Kb6 36. Re2 Rd3 37. Rc2 c5+ 38. Rxc5 Rd4+ 0-1